History Quiz

Random History or Clickable Quiz

'Eight' Year Major Events by Eight Word Clue Quiz Stats

 Plays Quiz Updated Dec 31, 2017

Score 0/22 Timer 07:00
8 Plays Today
% Correct
1968
91.1%
2018
89.8%
1918
89.7%
2008
80.9%
1988
80.8%
1908
75.1%
1958
73.4%
1938
69.8%
1858
69.7%
1998
69.5%
1948
69.2%
% Correct
1978
67.8%
1928
63.7%
1898
57.4%
1888
35.6%
1818
34.8%
1848
33.2%
1808
31.6%
1838
29.8%
1828
25%
1868
24.1%
1878
21%

You're not logged in!

Compare scores with friends on all Sporcle quizzes.
OR
Log In

You Might Also Like...

Show Comments

Extras

Top Quizzes Today


Score Distribution

Your Account Isn't Verified!

In order to create a playlist on Sporcle, you need to verify the email address you used during registration. Go to your Sporcle Settings to finish the process.

Report this User

Report this user for behavior that violates our Community Guidelines.

Details: